| 000 | 00426nam a2200181Ia 4500 | ||
|---|---|---|---|
| 005 | 20251020182548.0 | ||
| 008 | 200515s9999 xx 000 0 und d | ||
| 082 | _a918.5/P95 | ||
| 100 | _aPULGAR VIDAL, Javier | ||
| 245 | 0 | _aGeografía del Perú : Las Ocho Regiones Naturales del Perú | |
| 250 | _a7a ed. | ||
| 260 | _aLima | ||
| 260 | _cs.a. | ||
| 300 | _a256 | ||
| 650 | _aGEOGRAFIA | ||
| 650 | _aLIB | ||
| 942 | _cLIB | ||
| 999 |
_c2642 _d2642 |
||